000 00485nam a2200145 4500
999 _c10888
_d10888
008 180925b ||||| |||| 00| 0 eng d
022 _a2094-8042
082 _aDPer 370.105 M72 Jan-Dec 2011 v59-60
100 _931670
_aGabat, Benita Tumpang
245 _aProtect your child from crime/
_cBenita Tumpang Gabat.
260 _aPhilippines:
_bIn the Grade School, Inc.,
_cc2011.
300 _av60 n5, pages 196+;
_c27cm.
650 0 _931671
_aChildren
_xProtection.
942 _2ddc
_cPER